[Event "45th Hoogovens it"]
[Site "Wijk aan Zee NED"]
[Date "1983.01.15"]
[Round "2"]
[White "Hort, Vlastimil"]
[Black "Ribli, Zoltan"]
[Result "0-1"]
[WhiteElo "2585"]
[BlackElo "2595"]
[EventDate "1983.01.14"]
[PlyCount "98"]

1. e4 c5 2. Nf3 d6 3. d4 cxd4 4. Nxd4 Nf6 5. Nc3 a6 6. Be3 e6 7. f4 b5 8. Qf3 Bb7 9. Bd3 Nbd7 10. O-O Rc8 11. Nd1 g6 12. Nf2 Bg7 13. Nb3 O-O 14. a4 b4 15. a5 Qc7 16. Qe2 e5 17. fxe5 Nxe5 18. Bb6 Qe7 19. Rae1 Nxd3 20. cxd3 Nd7 21. Bd4 Ne5 22. Bb6 h5 23. Qd2 Qd7 24. Re2 Qa4 25. Qd1 Rfe8 26. Nh3 Nd7 27. Be3 Nc5 28. Nxc5 Qxd1 29. Rxd1 dxc5 30. b3 f5 31. exf5 Rxe3 32. Rxe3 Bd4 33. Rde1 Re8 34. Kf2 gxf5 35. Nf4 h4 36. g3 hxg3+ 37. hxg3 Kf7 38. R1e2 Kf6 39. Re1 Kg5 40. R1e2 Kg4 41. Re1 Bf3 42. Ng6 Bd5 43. Nf4 Bxb3 44. Ng2 Bd5 45. Ke2 Rh8 46. Nf4 Bf3+ 47. Rxf3 Re8+ 48. Kf1 Rxe1+ 49. Kxe1 Kxf3 0-1

[Event "45th Hoogovens it"]
[Site "Wijk aan Zee NED"]
[Date "1983.01.16"]
[Round "3"]
[White "Scheeren, Peter"]
[Black "Andersson, Ulf"]
[Result "1/2-1/2"]
[WhiteElo "2445"]
[BlackElo "2635"]
[EventDate "1983.01.14"]
[PlyCount "46"]

1. d4 Nf6 2. c4 e6 3. Nc3 Bb4 4. e3 c5 5. Bd3 Nc6 6. Nge2 d5 7. O-O dxc4 8. Bxc4 O-O 9. a3 cxd4 10. exd4 Be7 11. Qd3 b6 12. Rd1 Bb7 13. Qh3 Nd5 14. Bd3 g6 15. Bh6 Re8 16. Ne4 Rc8 17. Rac1 Nb8 18. Qg3 Rxc1 19. Rxc1 Ba6 20. Bxa6 Nxa6 21. Qe5 Bf6 22. Nxf6+ Qxf6 23. Nf4 Qxe5 1/2-1/2

[Event "45th Hoogovens it"]
[Site "Wijk aan Zee NED"]
[Date "1983.01.18"]
[Round "4"]
[White "Hort, Vlastimil"]
[Black "Speelman, Jonathan Simon"]
[Result "1-0"]
[WhiteElo "2585"]
[BlackElo "2570"]
[EventDate "1983.01.14"]
[PlyCount "73"]

1. d4 Nf6 2. c4 e6 3. Nc3 Bb4 4. e3 b6 5. Nge2 Ba6 6. a3 Be7 7. Nf4 d5 8. Qf3 c6 9. b3 O-O 10. Bb2 Ne8 11. Rc1 Nd6 12. Nb1 Bb7 13. Bd3 Nd7 14. Nd2 Nf6 15. O-O a5 16. Rfd1 Qb8 17. a4 Ra7 18. Rc2 Ba8 19. Rdc1 Rc8 20. Qh3 Re8 21. Nf3 Bf8 22. Ne5 g6 23. Ba3 c5 24. Bb2 Bg7 25. Qh4 Nfe4 26. Qg4 Nf5 27. cxd5 exd5 28. Bb5 Rd8 29. Nfd3 Nfd6 30. Nc6 Bxc6 31. Bxc6 Nf6 32. Qf3 Nde4 33. dxc5 bxc5 34. Nxc5 h5 35. h3 Nxc5 36. Rxc5 Ne4 37. Rb5 {Time} 1-0

[Event "45th Hoogovens it"]
[Site "Wijk aan Zee NED"]
[Date "1983.01.21"]
[Round "6"]
[White "Hort, Vlastimil"]
[Black "Kuligowski, Adam"]
[Result "1-0"]
[WhiteElo "2585"]
[BlackElo "2435"]
[EventDate "1983.01.14"]
[PlyCount "45"]

1. d4 Nf6 2. c4 c5 3. d5 e6 4. Nc3 exd5 5. cxd5 d6 6. e4 g6 7. f3 Bg7 8. Bg5 O-O 9. Qd2 Na6 10. Nge2 h6 11. Be3 Kh7 12. Ng3 Bd7 13. Be2 Qe8 14. O-O b5 15. Bf4 Qb8 16. a4 Nb4 17. axb5 Ne8 18. e5 Bxe5 19. Bxe5 dxe5 20. Nge4 a6 21. Nxc5 Qa7 22. N3e4 a5 23. Qxb4 1-0

[Event "45th Hoogovens it"]
[Site "Wijk aan Zee NED"]
[Date "1983.01.23"]
[Round "8"]
[White "Hort, Vlastimil"]
[Black "Scheeren, Peter"]
[Result "1/2-1/2"]
[WhiteElo "2585"]
[BlackElo "2445"]
[EventDate "1983.01.14"]
[PlyCount "97"]

1. d4 Nf6 2. c4 e6 3. Nc3 Bb4 4. e3 O-O 5. Nge2 d5 6. a3 Be7 7. Nf4 c6 8. b3 Nbd7 9. Bd3 Bd6 10. Nfe2 e5 11. cxd5 cxd5 12. Nb5 Bb8 13. dxe5 Nxe5 14. Ng3 Nfg4 15. Nd4 Qh4 16. Be2 Nxh2 17. Kd2 Nc6 18. Bb2 Nxd4 19. Bxd4 Bxg3 20. fxg3 Qxg3 21. Qg1 Ng4 22. Rf1 Ne5 23. Rf4 Ng6 24. Rf3 Qc7 25. g4 Bd7 26. Bd3 Rfc8 27. Rxh7 Ne5 28. Rf1 f6 29. g5 f5 30. g6 Qa5+ 31. b4 Qxa3 32. Rh8+ Kxh8 33. Qh1+ Kg8 34. Qxd5+ Kf8 35. Bc5+ Rxc5 36. Qxc5+ Ke8 37. Qxe5+ Kd8 38. Qxg7 Qxb4+ 39. Ke2 Qg4+ 40. Kd2 Qg2+ 41. Be2 Qd5+ 42. Ke1 Kc7 43. Qc3+ Qc6 44. Qa5+ Qb6 45. Qxb6+ axb6 46. Bc4 Kd6 47. e4 Ke5 48. g7 Be6 49. Rxf5+ 1/2-1/2

[Event "45th Hoogovens it"]
[Site "Wijk aan Zee NED"]
[Date "1983.01.26"]
[Round "10"]
[White "Nunn, John Denis Martin"]
[Black "Seirawan, Yasser"]
[Result "1/2-1/2"]
[WhiteElo "2570"]
[BlackElo "2600"]
[EventDate "1983.01.14"]
[PlyCount "68"]

1. e4 c6 2. d4 d5 3. e5 Bf5 4. Nc3 e6 5. g4 Bg6 6. Nge2 c5 7. Be3 Qb6 8. dxc5 Bxc5 9. Bxc5 Qxc5 10. Qd4 Qxd4 11. Nxd4 Nc6 12. Bb5 Nge7 13. O-O-O Rc8 14. f4 a6 15. Bxc6+ bxc6 16. Na4 c5 17. Nb3 h5 18. g5 c4 19. Nd4 Nf5 20. h4 Nxd4 21. Rxd4 Bf5 22. Rg1 Bg4 23. b3 cxb3 24. axb3 f6 25. exf6 gxf6 26. Nb2 Kf7 27. Nd1 Bxd1 28. Rgxd1 Kg6 29. Rg1 Rc3 30. Kb2 Rhc8 31. Rd2 Rf3 32. Re2 Rc6 33. gxf6+ Kxf6 34. Rg5 Rxf4 1/2-1/2